| 000 | 00537nam a22001817a 4500 | ||
|---|---|---|---|
| 003 | OSt | ||
| 005 | 20180116183106.0 | ||
| 008 | 170825b xxu||||| |||| 00| 0 eng d | ||
| 020 | _a9788126511914 | ||
| 040 | _c0 | ||
| 082 | _a515.7 KRE 2007 | ||
| 100 | _aErwin Kreyszig | ||
| 245 |
_aIntroductory Functional Analysis with Application _bKreyszig _cErwin Kreyszig |
||
| 260 |
_aHaryana India _bWiley _c2007 |
||
| 300 |
_a688p. _bpb |
||
| 440 | _aIntroductory Functional Analysis with Application | ||
| 942 |
_2ddc _cBK _k515.7 KRE 2007 |
||
| 999 |
_c352078 _d352078 |
||